Dyslalie - patlavost /

Main Author: Krahulcová, Beáta, 1951-
Language: Czech
Published: Praha : Beakra, 2007
Edition: 1. vyd.
Subjects:
Online Access: Digitalizovaný dokument
Physical Description: 187 s. : il. ; 21 cm
Book
Saved in:
LEADER 01548nam a2200433 a 4500
001 nkc20061701705
003 CZ PrNK
005 20190119235014.0
007 ta
008 061213s2007 xr a f 000 0 cze
015 |a cnb001701705 
020 |a 978-80-903863-0-3  |q (brož.) 
035 |a (OCoLC)124087345 
040 |a ABA001  |b cze  |d OLA001 
072 7 |a 376  |x Výchova a vzdělávání zvláštních skupin osob  |2 Konspekt  |9 22 
080 |a 616.89-008.434.37  |2 MRF 
080 |a 376.1-056.264  |2 MRF 
080 |a (048.8)  |2 MRF 
100 1 |a Krahulcová, Beáta,  |d 1951-  |7 nlk19990073423  |4 aut 
245 1 0 |a Dyslalie - patlavost /  |c Beáta Krahulcová 
246 3 0 |a Patlavost 
250 |a 1. vyd. 
260 |a Praha :  |b Beakra,  |c 2007 
300 |a 187 s. :  |b il. ;  |c 21 cm 
500 |a Terminologický slovník 
504 |a Obsahuje bibliografii 
650 0 7 |a dyslálie  |7 ph119666  |2 czenas 
650 0 7 |a logopedie  |7 ph117229  |2 czenas 
650 0 9 |a articulation disorders  |2 eczenas 
650 0 9 |a speech therapy  |2 eczenas 
655 7 |a monografie  |7 fd132842  |2 czenas 
655 9 |a monographs  |2 eczenas 
856 4 1 |u http://www.digitalniknihovna.cz/mzk/uuid/uuid:01b03270-eccf-11e8-a5a4-005056827e52  |y Digitalizovaný dokument  |x NDK 
910 2 |a BOA001  |b 2-1181.705 
990 |a BK 
995 |a 01 
991 |b 200703  |c NOV 
996 6 |b 2610303825  |c 2-1181.705  |l MZK  |r HSS 4p  |n 0  |p p.v.  |h 376 KRA  |w 000840648  |u 000010  |a 0  |e BOA001  |j MZK50  |s P 
996 7 |b 2610311405  |c 2-1181.705  |l Vol.výběr  |r VV 0p  |n 94  |p kup  |h 376 KRA  |w 000840648  |u 000020  |a 0  |e BOA001  |j MZK50  |s A